[Event "AUTO-OPEN-3967"]
[Site "http://www.queenalice.com/game.php?id=1539533"]
[Date "2018.8.20"]
[Round "1"]
[White "ALIENIGE"]
[Black "Prosperidade"]
[Result "0-1"]
[WhiteElo "1644"]
[BlackElo "2018"]

1. e4 e5 2. Nf3 d6 3. d4 exd4 4. Nxd4 a6 5. Be2 c5 6. Nf3 Nc6 7. c3 h6 8. Bf4
Be6 9. O-O Nf6 10. Qc2 Be7 11. h3 O-O 12. Nbd2 Nh5 13. Bh2 b5 0-1

[Event "AUTO-OPEN-3967"]
[Site "http://www.queenalice.com/game.php?id=1539544"]
[Date "2018.8.20"]
[Round "1"]
[White "ALIENIGE"]
[Black "chessman"]
[Result "0-1"]
[WhiteElo "1742"]
[BlackElo "1982"]

1. d4 d5 2. Nf3 e6 3. e3 c5 4. c3 Nf6 5. Bd3 Be7 6. O-O cxd4 7. exd4 O-O 8. Nbd2
Nc6 9. Re1 Re8 10. Nf1 h6 11. h3 a6 12. Ng3 Bd7 13. Bc2 Na7 14. Ne5 Bc6 15. Qe2
Bb5 16. Qe3 Bc6 17. f3 Bd6 18. Nxc6 Nxc6 19. f4 Qc7 20. Qd3 g6 21. Ne2 Kg7 22.
g3 Ne4 23. Qf3 f5 24. Bxe4 dxe4 25. Qf2 b5 26. Be3 Ne7 27. g4 Nd5 28. Kh1 Kf7
29. Ng3 Bxf4 30. Bxf4 Qxf4 31. Qxf4 Nxf4 32. Kh2 Nd3 33. Re2 Nf4 34. Rf2 Nd3 0-1

[Event "AUTO-OPEN-3967"]
[Site "http://www.queenalice.com/game.php?id=1539545"]
[Date "2018.8.20"]
[Round "1"]
[White "chessman"]
[Black "ALIENIGE"]
[Result "1-0"]
[WhiteElo "1996"]
[BlackElo "1796"]

1. e4 c5 2. Nf3 Nc6 3. d4 cxd4 4. Nxd4 d6 5. Nc3 e6 6. Be2 Be7 7. O-O Nf6 8. h3
O-O 9. Bf3 Bd7 10. Re1 e5 11. Ndb5 Nd4 12. Nxd4 exd4 13. Qxd4 Qc7 14. Bg5 h6 15.
Bh4 Bc6 16. Rad1 Rad8 17. Bg3 Nd7 18. a3 b6 19. Bxd6 Bxd6 20. Qxd6 Qxd6 21. Rxd6
Nb8 22. Red1 Rxd6 23. Rxd6 Ba8 24. Nd5 Bxd5 25. exd5 Re8 26. Kf1 g6 27. Rf6 Nd7
28. Rf4 Ne5 29. Rd4 Nxf3 30. gxf3 Kg7 31. c4 Kf6 32. b4 Ke5 33. Re4+ 1-0

[Event "AUTO-OPEN-3968"]
[Site "http://www.queenalice.com/game.php?id=1539756"]
[Date "2018.8.22"]
[Round "1"]
[White "maurice91"]
[Black "ALIENIGE"]
[Result "1-0"]
[WhiteElo "2008"]
[BlackElo "1757"]

1. d4 Nf6 2. Nf3 e6 3. c4 Bb4+ 4. Bd2 Bxd2+ 5. Nbxd2 d5 6. e3 O-O 7. Be2 Nbd7 8.
O-O c5 9. cxd5 Nxd5 10. dxc5 Nxc5 11. Nb3 Nxb3 12. Qxb3 b6 13. Rac1 Bb7 14. Rfd1
Qf6 15. a4 Rad8 16. a5 h6 17. e4 Nf4 18. Qe3 Nxe2+ 19. Qxe2 Qf4 20. axb6 axb6
21. Rc3 Qxe4 22. Re3 Rxd1+ 23. Qxd1 Qf4 24. Qd7 1-0

[Event "AUTO-OPEN-3968"]
[Site "http://www.queenalice.com/game.php?id=1539757"]
[Date "2018.8.22"]
[Round "1"]
[White "ALIENIGE"]
[Black "maurice91"]
[Result "0-1"]
[WhiteElo "1803"]
[BlackElo "1940"]

1. e4 c6 2. Nf3 d5 3. exd5 cxd5 4. d4 Nc6 5. Bb5 a6 6. Bxc6+ bxc6 7. O-O Nf6 8.
Ne5 Qb6 9. c3 e6 10. Re1 c5 11. f3 cxd4 12. cxd4 Bd6 13. Nc3 O-O 14. a3 Rd8 15.
b4 Bxe5 16. Rxe5 Nd7 17. Re1 f6 18. Na4 Qd6 19. Nc5 Nf8 20. Bb2 a5 21. Bc3 axb4
22. Bxb4 Qf4 0-1

[Event "AUTO-OPEN-3968"]
[Site "http://www.queenalice.com/game.php?id=1539798"]
[Date "2018.8.22"]
[Round "1"]
[White "dnptrs"]
[Black "ALIENIGE"]
[Result "1-0"]
[WhiteElo "2151"]
[BlackElo "1817"]

1. d4 Nf6 2. Nf3 d5 3. c4 e6 4. e3 c6 5. Nc3 Be7 6. Qc2 O-O 7. a3 Nbd7 8. Rb1
Qc7 9. b4 a6 10. c5 e5 11. dxe5 Nxe5 12. Nxe5 Qxe5 13. Bd3 g6 14. Ne2 Ng4 15.
Bb2 Qc7 16. Nf4 Re8 17. a4 Bd7 18. Qd1 Bxc5 19. bxc5 Qxf4 20. Qf3 Qb4+ 21. Ke2
Qxc5 22. Bd4 Qe7 23. Rxb7 Qd6 24. h3 Ne5 25. Bxe5 Rxe5 26. Rhb1 Rae8 27. Bxa6 d4
28. Rd1 Bf5 29. g4 Bd7 30. Kf1 Qe6 31. Rxd4 Bc8 32. Bc4 Rd5 33. Rb6 Qd6 34. Bxd5
1-0

[Event "AUTO-OPEN-3968"]
[Site "http://www.queenalice.com/game.php?id=1539799"]
[Date "2018.8.22"]
[Round "1"]
[White "ALIENIGE"]
[Black "dnptrs"]
[Result "0-1"]
[WhiteElo "1820"]
[BlackElo "2149"]

1. d4 Nf6 2. c4 e6 3. a3 d5 4. Nc3 Be7 5. cxd5 exd5 6. e3 O-O 7. Nf3 c6 8. Bd3
Bg4 9. Ne2 Nbd7 10. Ng3 h6 11. h3 Be6 12. O-O Re8 13. b4 Nf8 14. e4 dxe4 15.
Nxe4 Nxe4 16. Bxe4 Bf6 17. Be3 Rc8 18. Bd3 Bd5 19. Rc1 Ne6 20. Nd2 Ng5 21. Qh5
Ne4 22. Nxe4 Bxe4 23. Bxe4 Rxe4 24. Qf3 Qd5 25. Rc5 Qe6 26. Rf5 Bxd4 27. Bxd4
Rxd4 28. g4 Rcd8 29. g5 Rd3 30. Qg4 R8d4 31. f4 h5 32. Re5 hxg4 0-1

[Event "AUTO-ADV-4060"]
[Site "http://www.queenalice.com/game.php?id=1539912"]
[Date "2018.8.23"]
[Round "1"]
[White "fabricioprado"]
[Black "ALIENIGE"]
[Result "1-0"]
[WhiteElo "1711"]
[BlackElo "1699"]

1. d4 Nf6 2. Bg5 e6 3. Nf3 Be7 4. e3 d5 5. Be2 Nbd7 6. O-O O-O 7. c4 c6 8. Nc3
h6 9. Bxf6 Nxf6 10. c5 b6 11. b4 bxc5 12. bxc5 Qc7 13. Rb1 Nd7 14. Qc2 e5 15. h3
e4 16. Ne1 f5 17. f3 Nf6 18. fxe4 fxe4 19. Qd2 Be6 20. Nc2 Nh7 21. Rxf8+ Rxf8
22. Rf1 Qg3 23. Bg4 Bxg4 24. hxg4 Rxf1+ 25. Kxf1 Ng5 26. Ne2 Qxg4 27. Ng1 Nh7
28. Nh3 Ng5 29. Nxg5 Bxg5 30. Qe2 Qh4 31. Kg1 h5 32. Ne1 Qg3 33. Nc2 g6 34. Ne1
Qxe3+ 35. Qxe3 Bxe3+ 36. Kf1 1-0

[Event "AUTO-ADV-4060"]
[Site "http://www.queenalice.com/game.php?id=1539913"]
[Date "2018.8.23"]
[Round "1"]
[White "ALIENIGE"]
[Black "fabricioprado"]
[Result "0-1"]
[WhiteElo "1716"]
[BlackElo "1694"]

1. e4 e5 2. Nf3 Nc6 3. Bb5 d6 4. Bxc6+ bxc6 5. d4 exd4 6. Nxd4 Bb7 7. O-O Be7 8.
Nc3 Nf6 9. Re1 O-O 10. Nf5 Bc8 11. Nxe7+ Qxe7 12. Bg5 c5 13. Nd5 Qd8 14. Nxf6+
gxf6 15. Bh6 Re8 16. Qf3 Kh8 17. Qh5 Be6 18. Re3 Rg8 19. h4 Rg6 20. f4 Qg8 21.
Re2 Bh3 22. Bg5 fxg5 23. gxh3 gxf4+ 24. Kh1 Rg3 25. Qf5 f3 26. Rf2 Rg2 27. Qxf3
Rg3 28. Qf6+ Qg7 29. Qxg7+ Kxg7 30. Kh2 Re3 31. Raf1 Rf8 32. Rf4 Re2+ 33. R1f2
Rxf2+ 34. Rxf2 f6 0-1

[Event "AUTO-ADV-4060"]
[Site "http://www.queenalice.com/game.php?id=1539928"]
[Date "2018.8.23"]
[Round "1"]
[White "NickThorp"]
[Black "ALIENIGE"]
[Result "1-0"]
[WhiteElo "1672"]
[BlackElo "1662"]

1. e4 c5 2. Nf3 Nc6 3. Bb5 d6 4. d3 e6 5. Bg5 Be7 6. Bxe7 Nxe7 7. Nc3 O-O 8. O-O
a6 9. Ba4 d5 10. exd5 Nxd5 11. Nxd5 exd5 12. Re1 b5 13. Bb3 c4 14. dxc4 dxc4 15.
Bxc4 bxc4 16. Qxd8 1-0

[Event "AUTO-ADV-4060"]
[Site "http://www.queenalice.com/game.php?id=1539929"]
[Date "2018.8.23"]
[Round "1"]
[White "ALIENIGE"]
[Black "NickThorp"]
[Result "0-1"]
[WhiteElo "1679"]
[BlackElo "1655"]

1. e4 e5 2. Nf3 Nc6 3. Bb5 a6 4. Bxc6 dxc6 5. d4 exd4 6. Qxd4 Qxd4 7. Nxd4 Bb4+
8. c3 Bc5 9. O-O Nf6 10. Nd2 O-O 11. f3 Bb6 12. Nb3 c5 13. Ne2 Be6 14. Be3 h6
15. Nxc5 Bc4 16. Rfe1 Rad8 0-1

[Event "AUTO-OPEN-3969"]
[Site "http://www.queenalice.com/game.php?id=1540124"]
[Date "2018.8.25"]
[Round "1"]
[White "jeffcom2f"]
[Black "ALIENIGE"]
[Result "1-0"]
[WhiteElo "1742"]
[BlackElo "1792"]

1. c4 Nf6 2. Nc3 e6 3. e4 d6 4. d4 c6 5. Be2 Be7 6. Nf3 Nbd7 7. Bg5 O-O 8. e5
dxe5 9. dxe5 Ne8 10. Bxe7 Qxe7 11. O-O g6 12. Qd2 1-0

[Event "AUTO-OPEN-3969"]
[Site "http://www.queenalice.com/game.php?id=1540125"]
[Date "2018.8.25"]
[Round "1"]
[White "ALIENIGE"]
[Black "jeffcom2f"]
[Result "0-1"]
[WhiteElo "1774"]
[BlackElo "1760"]

1. e4 e5 2. Nf3 d6 3. d4 exd4 4. Nxd4 Nf6 5. Nc3 Bd7 6. Bc4 Nc6 7. O-O Nxd4 8.
Qxd4 Be7 9. Re1 O-O 10. h3 a6 11. Bf4 b5 12. Bd3 c5 0-1

[Event "AUTO-OPEN-3969"]
[Site "http://www.queenalice.com/game.php?id=1540138"]
[Date "2018.8.25"]
[Round "1"]
[White "ALIENIGE"]
[Black "josebaron"]
[Result "0-1"]
[WhiteElo "1811"]
[BlackElo "2012"]

1. e4 e5 2. Nf3 Nc6 3. Bc4 Be7 4. O-O Nf6 5. d3 d6 6. c3 O-O 7. h3 h6 8. Re1 Be6
9. Bxe6 fxe6 10. d4 exd4 11. cxd4 Nh7 12. Nc3 Bg5 13. Nxg5 Nxg5 14. f4 Nh7 15.
d5 exd5 16. exd5 Ne7 17. Qg4 Nf6 18. Qf3 a6 19. b4 b5 20. Bb2 Kh8 21. Rad1 Nf5
22. g4 Nh4 23. Qg3 Ng6 24. Re6 Re8 25. Rde1 Rxe6 26. dxe6 Qe7 27. g5 hxg5 28.
Qxg5 Nf8 29. f5 N8h7 30. Qh4 Rg8 31. Kh1 c6 32. Rg1 d5 33. Ne2 Qe8 34. Nf4 g6
35. Bxf6+ Rg7 0-1

[Event "AUTO-OPEN-3969"]
[Site "http://www.queenalice.com/game.php?id=1540139"]
[Date "2018.8.25"]
[Round "1"]
[White "josebaron"]
[Black "ALIENIGE"]
[Result "1-0"]
[WhiteElo "2035"]
[BlackElo "1803"]

1. e4 c5 2. Bc4 e6 3. Nc3 Nc6 4. Nf3 d6 5. O-O Be7 6. d4 cxd4 7. Nxd4 Nf6 8. Bb5
Bd7 9. Nxc6 bxc6 10. Bd3 e5 11. h3 h6 12. a3 O-O 13. Kh1 g5 14. f4 exf4 15. Bxf4
gxf4 16. Rxf4 Nh7 17. Rf3 Bf6 18. Rg3+ Kh8 19. Qh5 Rg8 20. Rxg8+ Qxg8 21. Qxh6
Be5 22. Qh4 f6 23. Rf1 Qg7 24. Qf2 Rg8 25. Bc4 Re8 26. g4 Be6 27. Bxe6 Rxe6 28.
Qf5 Re8 29. Nd1 Bg3 30. Kg2 Bh4 31. c4 Nf8 32. Qh5+ 1-0